000 00721nam a22001817a 4500
999 _c217432
_d217432
008 201130b ||||| |||| 00| 0 eng d
040 _bger
_cDE-2950
_erda
_aDE-2950
041 _ager
245 _aKlinikum hat neuen Ärztlichen Direktor.
_bPersonalie: Frank Hoffmann ist zu neuen Vertreter der leitenden Ärzte in der Frankfurter Einrichtung gewählt worden./
_cthg/red.
653 _aFrankfurt (Oder)
653 _aKlinikum
653 _aHoffmann, Frank ; Chirurg
773 _dFrankfurt (Oder): Märkisches Verlags- und Druckhaus GmbH & Co KG
_g32. Jahrgang (2021) Nr. 139 vom 18.06.2021, S.16: Foto
_tMärkische Oderzeitung
942 _cA